Čína – z fabriky sveta je globálny investor
Ekonomické partnerstvo v posledných rokoch a dôvody rýchleho vzostupu Číny. Investvovanie čínskych firiem s cieľom získať nové technológie, know-how či európsku tradíciu. Posilnenie globálneho postavenia Číny a modernizácia historickej Hodvábnej cesty v rámci iniciatívy Hospodársky pás Hodvábnej ces...
Gespeichert in:
| 1. Verfasser: | |
|---|---|
| Format: | Buchkapitel |
| Sprache: | Slowakisch |
| Schlagworte: | |
| Tags: |
Keine Tags, Fügen Sie das erste Tag hinzu!
|
MARC
| LEADER | 00000naa a2200000 4500 | ||
|---|---|---|---|
| 001 | 0219532 | ||
| 005 | 20231011124231.5 | ||
| 041 | 0 | |a slo | |
| 044 | |a SK | ||
| 245 | 1 | 0 | |a Čína – z fabriky sveta je globálny investor |c František Hradský |
| 520 | |a Ekonomické partnerstvo v posledných rokoch a dôvody rýchleho vzostupu Číny. Investvovanie čínskych firiem s cieľom získať nové technológie, know-how či európsku tradíciu. Posilnenie globálneho postavenia Číny a modernizácia historickej Hodvábnej cesty v rámci iniciatívy Hospodársky pás Hodvábnej cesty a Námorná hodvábna cesta v 21. storočí. | ||
| 610 | 2 | 0 | |a Čína |
| 610 | 2 | 0 | |a Európa |
| 610 | 2 | 0 | |a USA |
| 610 | 2 | 0 | |a partnerstvo strategické |
| 610 | 2 | 0 | |a kooperácia hospodárska medzinárodná |
| 610 | 2 | 0 | |a obchod zahraničný |
| 610 | 2 | 0 | |a investície |
| 100 | 1 | |a Hradský, František | |